01165nam a2200193Ia 4500001001000000003001000010008004100020040002500061041001300086100003100099245008200130250001100212260006000223300001200283500026400295501011400559520026400673650003400937L235-7871IT-CnALBA170116s9999||||xx |||||||||||||| ||und|| aIT-CnALBAcIT-CnALBA aITALIANO aVITALI AGOSTINO, SACERDOTE 0aMARIA SS. E L'APOSTOLATO DELL'EDUCAZIONE. NUOVISSIMO MESE DI MAGGIO. VOL II.  a1a ed. aMILANObDAVERIO GIOVANNI EDITORE c1923 [1° Ed.: n.d.] a150 p.  aMUTILO IN FINE. ORATORIO. CIRCOLO GIOVANILE. ISTRUZIONE RELIGIOSA. APOSTOLATO DI CARITÀ. AMICI. OPERE PARROCCHIALI. EDUCAZIONE DELLA SENSIBILITÀ. FORMAZIONE DEL CARATTERE. FAMIGLIARITA' PERICOLOSA. IMPIEGO DEL TEMPO. SMANIE RIPROVEVOLI. CORREZIONE E VIGIL aSocietà San Paolo EM - Piazza San Paolo, 14 - 12051 ALBA (CN) (non commercial uses only) ® Copyright 2017 aMUTILO IN FINE. ORATORIO. CIRCOLO GIOVANILE. ISTRUZIONE RELIGIOSA. APOSTOLATO DI CARITÀ. AMICI. OPERE PARROCCHIALI. EDUCAZIONE DELLA SENSIBILITÀ. FORMAZIONE DEL CARATTERE. FAMIGLIARITA' PERICOLOSA. IMPIEGO DEL TEMPO. SMANIE RIPROVEVOLI. CORREZIONE E VIGIL aMARIA SS. ANGELI SANTI DEMONI